Регионална библиотека "Любен Каравелов" - Русе

Bahnhof am Ozean (Запис номер 210179)

MARC детайли
000 -Лидер
Контролно поле с фиксирана дължина nam a22 a 4500
003 - Код на организацията, давaща контролен номер
Контролно поле BLK
005 - Дата и час на последна редакция
Контролно поле 20230123112251.0
008 - Елементи от данни с фиксирана дължина
fixed length control field 180412b bul rap|r|||| r0| ||bulo|
010 ## - Наследен системен номер
LC control number KNG00162836000
020 ## - Международен стандартен номер на книга ISBN
Международен стандартен номер на книга ISBN 9783864294747
040 ## - Източник на каталожния запис
Идентификатор на билиотеката - собственик на записа BLK
041 ## - Код за език
Код за езика на текст/звукозапис или на отделно заглавие Немски
Код за езика КДБФ Немски
080 ## - УДК
Текстов определител УДК Немска литература
УДК код - определител по УДК 821.112.2
УДК определител -93
УДК - код + определител 821.112.2-93
100 ## - Редна дума - Автор
R(LIN) 1299
Автор Gmehling, Will
Авторска отговорност първи автор
139 ## - Редно поле
Редна дума Gmehling, Will
Авторски знак Glu - G 55
245 10 - Сведения за заглавието
Заглавие Bahnhof am Ozean
Редно поле (дума) Will Gmehling, ил. Isabel Pin.
257 ## - Страна на издаване
Страна на създаване/издаване Германия
260 ## - Област на издателските данни
Място на издаване, разпространение и проч. Munchen
Име на издателя, разпространителя и проч. Tulipan Verl.
Година на издаване 2021
9 (RLIN) 217735
Издателство - префикс ISBN 978-3-
300 ## - Физическа характеристика
Страници 40 с.
Илюстрации и др. с цв. ил.
Размери/Мащаб 28 см
380 ## - Жанр
Жанр Детска худож. лит.
856 4# - Електронен адрес и достъп
Електронен формат pdf - файл
Път до файла /url/
Инструкция (цена за достъп) 0.00
Права за достъп disable
856 4# - Електронен адрес и достъп
Електронен формат pdf - файл
Път до файла /url/
Инструкция (цена за достъп) 0.00
Права за достъп disable
999 ## - СИСТЕМНИ КОНТРОЛНИ НОМЕРА
Koha biblionumber 210179
Koha biblioitemnumber 210179
942 ## - АРТИКУЛИ
Вид на библиотечния материал Книги
Скрит в OPAC Не
Периодичен библиозапис Да
944 ## - СЪЗДАВАНЕ И РЕДАКЦИЯ на ЗАПИСА
Статус, дата на статуса 2023-01-23
Служител, извършил регистрацията/редакцията ТД
999 ## - СИСТЕМНИ КОНТРОЛНИ НОМЕРА
Koha biblioitemnumber 210179
999 ## - СИСТЕМНИ КОНТРОЛНИ НОМЕРА
Koha biblioitemnumber 210179
999 ## - СИСТЕМНИ КОНТРОЛНИ НОМЕРА
Koha biblioitemnumber 210179
Наличности
Код за отписване Код за изгубен артикул Източник на класификационната схема Код за повреда Коз за рестрикции Код за отдаване Артикулен № Име на библиотеката - собственик Име на библиотеката, в която се намира в момента Статус (Текущо местоположение) Дата на вписване в системата Местоположение - отдел Цена в лева Инвентарен номер Систематично азбучна сигнатура Баркод Номер на екземпляра Цена в евро Служебна бележка Служебен тип на артикула
  Не е изгубен Universal Decimal Classification Не е повреден без рестрикции заемане за дома 361687 Регионална библиотека "Любен Каравелов" Русе Регионална библиотека "Любен Каравелов" Русе ЧЧЗО - нем. ез. - Гьоте инст. 2000-01-01 ЧЧЗО - нем. ез. - Гьоте инст. 15.00 120000907034 Ч5 821-93/G 55 W 120000907034 1 7.67 Дост: Dp Вид: Д N: сф Дата: 01.01.2000 Книги
Vip Innovations Ltd, Rousse, Bulgaria 2025